Meilleurs buteurs de ligue 1 depuis 2015 - Statistiques

Statistiques générales
  • Ce quiz a été pris 115 fois
  • Le résultat moyen est 11 sur 11
Statistiques - réponses
Saison Club Nombre de buts Joueur % Correct
2023-2024 PSG 27 Kylian Mbappé
100%
2022-2023 PSG 29 Kylian Mbappé
100%
2021-2022 PSG 28 Kylian Mbappé
100%
2020-2021 PSG 27 Kylian Mbappé
100%
2019-2020 PSG 18 Kylian Mbappé
100%
2018-2019 PSG 33 Kylian Mbappé
100%
2024-2025 PSG 21 Ousmane Dembélé
99%
2015-2016 PSG 38 Zlatan Ibrahimović
96%
2017-2018 PSG 28 Edinson Cavani
95%
2016-2017 PSG 35 Edinson Cavani
95%
2014-2015 OL 27 Alexandre Lacazette
92%
Aucun quiz correspondant
Distribution des résultats
% des personnes avec chaque résultat
Percentile par nombre de réponses
Votre historique - résultats
Vous n’avez pas pris ce quiz